| 000 | 00937nam a22003137a 4500 | ||
|---|---|---|---|
| 003 | CHAP | ||
| 005 | 20220329141652.0 | ||
| 008 | 971013s1962 r 00010 d | ||
| 010 | _a71926 | ||
| 011 | _a72898 | ||
| 035 | _a82454 | ||
| 040 | _cCHAP | ||
| 082 |
_a621.3 _bD38Y |
||
| 100 | 0 | 0 |
_aDawes, Chester l. _931313 |
| 245 | _aTratado de electricidad | ||
| 250 | _a3 ed. | ||
| 260 |
_aBarcelona : _bGili, _c1962 |
||
| 300 |
_a2 v. _b: ilus. |
||
| 505 | _aContenido : v.1 Corriente contínua.- v.2 Corriente alterna | ||
| 590 |
_aBATCH-UPD _b10 _c20130110 _lUCH01 _h0523 |
||
| 590 |
_aBATCH-UPD _b10 _c20130110 _lUCH01 _h2157 |
||
| 590 |
_aBATCH-UPD _b10 _c20130410 _lUCH01 _h0202 |
||
| 590 |
_aBATCH-UPD _b10 _c20130914 _lUCH01 _h1137 |
||
| 590 |
_aCONVERSION _b10 _c20130109 _lUCH01 _h1339 |
||
| 650 | 1 | 4 |
_aIngeniería eléctrica. _958223 |
| 901 | _aBK | ||
| 942 | _cLIBRO | ||
| 949 |
_a621.3 D38Y _bBC _cLIBRO _d-125574 _eLIBRO _i82454 _si |
||
| 999 |
_c71926 _d71926 |
||